| 000 | 00356 a2200097 4500 | ||
|---|---|---|---|
| 100 | 1 |
_aKnjazev, A.D.. _eAutor |
|
| 700 | 1 |
_aPcelkin, V.F.. _eAutor |
|
| 245 | 0 |
_aProblemy obespecenija sovmestnoj raboty radioelektronnoj apparatury / _cKnjazev A.D., Pcelkin V.F.. _n6 vyp. |
|
| 710 | 2 |
_aSovetskoe Radio. _eWydawca _4pbl |
|
| 260 |
_aMoskva : _bSovetskoe Radio, _c1971. |
||
| 300 |
_a; _c24 cm. |
||
| 999 |
_c7764 _d7764 |
||